Statistics for Pink Floyd Full Discography (Albums and the Songs)

Click here to take the quiz!

General Stats

  • This quiz has been taken 26 times
  • The average score is 176 of 370

Answer Stats

AlbumSong% Correct
Pigs (Three Different Ones)
100%
Have A Cigar
92%
Money
92%
Welcome to the Machine
92%
Wish You Were Here
92%
| Atom Heart MotherAtom Heart Mother
92%
Dogs
92%
Sheep
92%
Bike
92%
Time
92%
Atom Heart Mother (Early Studio Version)
92%
1970: Devi/ationAtom Heart Mother (Live in Montreux)
92%
Atom Heart Mother (Live Montreux)
92%
Echoes
92%
Brain Damage
85%
The Great Gig in the Sky
85%
Breathe (In The Air)
85%
Dark Side of the MoonSpeak to Me
85%
1972: Obfusc/ation | Obscured by CloudsObscured by Clouds
85%
Us and Them
85%
Shine On You Crazy Diamond (Parts VI - IX)
85%
Eclipse
85%
Wish You Were HereShine On You Crazy Diamond (Parts I - V)
85%
Another Brick in the Wall Part 1
85%
Another Brick in the Wall Part 2
85%
Another Brick in the Wall Part 3
85%
Comfortably Numb
85%
The Trial
85%
Outside the Wall
85%
The Massed Gadgets of Hercules (A Saucerful of Secrets)
85%
Learning to Fly
85%
Interstellar Overdrive (Live at the Paradiso, Amsterdam)
85%
If
85%
Piper at the Gates of DawnAstronomy Domine
85%
A Saucerful of Secrets (Live)
85%
The End of the Beginning (A Saucerful of Secrets)
85%
A Saucerful of Secrets
85%
Ummagumma (Disc 1)Astronomy Domine (Live)
85%
| London '66 - '67 EPInterstellar Overdrive
85%
Any Colour You Like
77%
Beset by Creatures of the Deep (Careful with That Axe, Eugene)
77%
Set the Controls for the Heart of the Sun
77%
The Wall (Disc 1)In The Flesh?
77%
The Thin Ice
77%
Fearless
77%
| Meddle | WorksOne of These Days
77%
Mother
77%
Young Lust
77%
Careful with That Axe, Eugene (Live)
77%
Set the Controls for the Heart of the Sun (Live)
77%
In The Flesh
77%
Murderotic Woman (Careful with That Axe, Eugene)
77%
Sorrow
77%
Careful with That Axe, Eugene (BBC Radio Session)
77%
High Hopes
77%
Careful with That Axe, Eugene
77%
On The Run
77%
The Wall (Disc 2)Hey You
69%
The Gnome
69%
The Happiest Days of Our Lives
69%
Lucifer Sam
69%
Keep Talking
69%
See Emily Play
69%
| Cre/ation: The Early Years 1967-1972 (Disc 1) | RelicsArnold Layne
69%
Fat Old Sun
69%
Alan's Psychedelic Breakfast
69%
Grantchester Meadows
62%
Summer 68'
62%
The Gnome
62%
The Nile Song
62%
A Pillow of Winds
62%
San Tropez
62%
Grantchester Meadows (BBC Radio Session)
62%
Sum
62%
Flaming (BBC Radio Session)
62%
The Final Cut
62%
Run Like Hell
62%
Seamus
62%
Daybreak (Grantchester Meadows)
62%
| 1967-1972 Continu/ationFlaming
62%
Ummagumma (Disc 2)Sysyphus Part I
54%
Goodbye Blue Sky
54%
The Dogs of War
54%
Don't Leave Me Now
54%
The Scarecrow
54%
Pow R. Toc H.
54%
Vera
54%
| The Best Of The Pink FloydChapter 24
54%
Waiting for the Worms
54%
The Narrow Way Part III
54%
| A Saucerful of SecretsLet There Be More Light
54%
One of My Turns
54%
The Narrow Way
54%
Sysyphus Part II
54%
The Pink Jungle (Pow R. Toc H.)
54%
The Narrow Way Part II
54%
The Narrow Way Part I
54%
Marooned
54%
Jugband Blues
54%
Green is the Colour (BBC Radio Session)
54%
Matilda Mother
54%
The Beginning (Green is the Colour)
54%
Green is the Colour
54%
Sysyphus Part IV
54%
Sysyphus Part III
54%
When the Tigers Broke Free
46%
Apples and Oranges
46%
Paint Box
46%
Paintbox
46%
Southampton Dock
46%
A Momentary Lapse of ReasonSigns of Life
46%
One Slip
46%
On the Turning Away
46%
Take It Back
46%
The Grand Vizier's Garden Party: Part 2 (Entertainment)
46%
The Final CutThe Post War Dream
46%
See-Saw
46%
Wot's...Uh the Deal
46%
The Grand Vizier's Garden Party: Part 1 (Entrance)
46%
When You're In
46%
Corporal Clegg
46%
Remember a Day
46%
Empty Spaces
46%
Is There Anybody Out There?
46%
Bring the Boys Back Home
46%
Wot's...Uh the Deal?
46%
The Grand Vizier's Garden Party: Part 3 (Exit)
46%
Stop
46%
Stay
46%
The Gold It's In The...
38%
Cymbaline (BBC Radio Session)
38%
Cymbaline
38%
Lost for Words
38%
Ibiza Bar
38%
Mudmen
38%
The Gold Its in the...
38%
Coming Back to Life
38%
Julia Dream
38%
Absolutely Curtains
38%
Crying Song
38%
Burning Bridges
38%
Poles Apart
38%
Two Suns in the Sunset
38%
Free Four
38%
Take Up thy Stethoscope and Walk
38%
The Fletcher Memorial Home
38%
Nightmare (Cymbaline)
38%
Not Now John
38%
Nobody Home
38%
Goodbye Cruel World
38%
Terminal Frost
38%
The Division BellCluster One
38%
Several Species of Small Furry Animals Gathered Together in a Cave and Grooving with a Pict
38%
Childhood's End
38%
Louder Than Words
31%
Ummagumma Radio Ad
31%
1971: Reverber/ationNothing Part 14
31%
Nothing, Part 14
31%
Reaction in G
31%
More Blues (Alternative Version)
31%
A New Machine (Part 1)
31%
A New Machine (Part 2)
31%
Get Your Filthy Hands Off My Desert
31%
Yet Another Movie
31%
The Gunner's Dream
31%
It's What We Do
31%
Wearing the Inside Out
31%
A Great Day for Freedom
31%
The Show Must Go On
31%
What Do You Want From Me
31%
Quicksilver
31%
More Blues
31%
Main Theme
31%
Autumn 68'
31%
Round and Around
31%
| MoreCirrus Minor
31%
Double O Bo
23%
Remember Me
23%
1965-1967: Cambridge St/ationLucy Leave
23%
Walk with Me Sydney
23%
Vegetable Man
23%
Introduction
23%
Allons-y (2)
23%
Talkin' Hawkin'
23%
| 1968: Germin/ationPoint Me at the Sky
23%
Roger's Boogie
23%
Embryo (BBC Radio Session)
23%
The Hero's Return
23%
One of the Few
23%
Your Possible Pasts
23%
Afternoon (Biding My Time)
23%
Dramatic Theme
23%
A Spanish Piece
23%
Party Sequence
23%
Up the Khyber
23%
Paranoid Eyes
23%
Nick's Boogie
23%
It Would Be So Nice
23%
Point Me At The Sky
23%
Biding My Time
23%
Night Light
23%
Calling
23%
Anisina
23%
Embryo
23%
Skins
23%
On Noodle Street
23%
Eyes to Pearls
23%
Ebb and Flow
23%
The Endless RiverThings Left Unsaid
23%
Surfacing
23%
Allons-y (1)
23%
Unsung
23%
TBS14
15%
Pigs on the Wing 2
15%
Nervana
15%
Looking at Map
15%
AnimalsPigs on the Wing 1
15%
Auto Scene Version 3
15%
US Radio Ad
15%
TBS9
15%
Evrika (b)
15%
On the Highway
15%
Explosion
15%
Love Scene Version 7
15%
Love Scene Version 1
15%
Love Scene Version 2
15%
Love Scene (Take 1)
15%
Love Scene (Take 2)
15%
Work
15%
John Latham Version 5
15%
Candy and the Currant Bun
15%
John Latham Version 6
15%
Moonhead
15%
Auto Scene Version 2
15%
Cre/ation: The Early Years 1967 - 1972 (Disc 2)On The Highway
15%
Butterfly
15%
I'm a King Bee
15%
In the Beechwoods
15%
Scream thy Last Scream
15%
John Latham Version 1
15%
John Latham Version 2
15%
John Latham Version 3
15%
John Latham Version 4
15%
John Latham Version 7
15%
Seabirds
15%
John Latham Version 8
15%
John Latham Version 9
15%
Song 1
15%
The Lost Art of Conversation
15%
1969: Dramatis/ationHollywood
15%
Theme (Beat Version)
15%
Evrika (a)
15%
Untitled
15%
Baby Blue Shuffle in D Major
8%
Blues
8%
Music from The Committee No. 1
8%
Music from The Committee No. 2
8%
Take Off
8%
Crumbling Land (Take 1)
8%
Unknown Song (Take 1)
8%
Take Off Version 2
8%
Aeroplane
8%
Behold the Temple of Light
8%
Footsteps / Doors
8%
The Labyrinths of Auximines
8%
Labyrinth
8%
Sleeping
8%
The Riot Scene
8%
Doing It
8%

Score Distribution

Percentile by Number Answered

Percent of People with Each Score

Your Score History

You have not taken this quiz